Library of the University of Algiers 3
Ibrahim Sultan Cheibout
شعار جامعة الجزائر 3
مكتبة جامعة الجزائر 3
إبراهيم سلطان شيبوط

البيع بالمزاد العلني : (رقم التسجيلة. 45705)

تفاصيل مارك
000 -LEADER
fixed length control field 01253nam a2200253Ia 4500
003 - CONTROL NUMBER IDENTIFIER
control field Ost
005 - DATE AND TIME OF LATEST TRANSACTION
control field 20260507075656.0
008 - FIXED-LENGTH DATA ELEMENTS--GENERAL INFORMATION
fixed length control field 260507s9999||||xx |||||||||||||| ||und||
040 ## - CATALOGING SOURCE
Transcribing agency fsecg
041 ## - LANGUAGE CODE
Language code of text/sound track or separate title ara
082 ## - DEWEY DECIMAL CLASSIFICATION NUMBER
Classification number 346.072
100 ## - MAIN ENTRY--PERSONAL NAME
Personal name زيدان، زكي زكي حسين
Relator term مؤلف
245 #0 - TITLE STATEMENT
Title البيع بالمزاد العلني :
Remainder of title في الفقه الإسلامي والقانوني الوضعي /
Statement of responsibility, etc. زكي زكي حسين زيدان
260 ## - PUBLICATION, DISTRIBUTION, ETC.
Place of publication, distribution, etc. الاسكندرية:
Name of publisher, distributor, etc. دار الفكر الجامعي,
Date of publication, distribution, etc. 2004
300 ## - PHYSICAL DESCRIPTION
Extent 217 صفحة؛
Other physical details إيضاحات ؛
Dimensions 24 سم
504 ## - BIBLIOGRAPHY, ETC. NOTE
Bibliography, etc. note المراجع ص.205
520 ## - SUMMARY, ETC.
Summary, etc. البيع ومشروعيته والحكم الشرعي له، بيع المزاد ومشروعيته والألفاظ التي تطلق عليه، أقسام البيع بالمزايدة وأهم صوره، مقومات عقد البيع بالمزاد، المخالفات والشروط التي تقع في البيع بالمزاد وأثرها على العقد.
653 ## - INDEX TERM--UNCONTROLLED
Uncontrolled term أدارة المبيعات
653 ## - INDEX TERM--UNCONTROLLED
Uncontrolled term الفقه الإسلامي
653 ## - INDEX TERM--UNCONTROLLED
Uncontrolled term القانون التجاري
653 ## - INDEX TERM--UNCONTROLLED
Uncontrolled term القانون الوضعي
653 ## - INDEX TERM--UNCONTROLLED
Uncontrolled term المزاد العلني
942 ## - ADDED ENTRY ELEMENTS (KOHA)
Koha item type كتب

لا توجد مواد متاحة.

موارد الويب المفتوحة


© University of Algiers 3 All Rights Reserved
|
Implemented by LECHELAH Riad